000 00483nmm a2200157Ia 4500
008 251105s9999||||xx |||||||||||||||||und||
020 _a9788431534400
041 _aspa
100 _aDr. Blanchemaison, Philippe
245 0 _a8 minutos diarios para adelgazar de abajo
264 _a[Madrid, España] :
_bDe Vecchi,
_c[Fecha de publicación no identificada]
300 _a0 páginas
650 _aFamily
856 _uhttps://public.digitaliapublishing.com/a/121134
942 _cCF
999 _c81378
_d81378